Normal view
MARC view
- Allen J.Bard, Larry R. Faulkenr
Entry Personal Name
001 - CONTROL NUMBER
- control field: 23834
003 - CONTROL NUMBER IDENTIFIER
- control field: NUST
005 - DATE AND TIME OF LATEST TRANSACTION
- control field: 20191014124920.0
008 - FIXED-LENGTH DATA ELEMENTS
- fixed length control field: 191014|| aca||aabn | a|a d
040 ## - CATALOGING SOURCE
- Original cataloging agency: NUST
- Transcribing agency: NUST
100 ## - HEADING--PERSONAL NAME
- Personal name: Allen J.Bard, Larry R. Faulkenr
670 ## - SOURCE DATA FOUND
- Source citation: Work cat.: (NUST): Allen J.Bard, Larry R. Faulkenr, Electrochemical Methods fundamentals and Applications(second Edition), 2001
